000 00338nam a2200145Ia 4500
008 230711s9999||||xx |||||||||||||| ||und||
041 _aENG
082 _a530
_bWE-C
100 _aWeber,Robert L.
245 0 _aCollege Physics
250 _a2nd Ed.
260 _c1989
_aNew Delhi
_bNarosa Publishing House
650 _aPhysics
942 _cBK
999 _c515
_d515